00492nam a22001577a 450000500170000001000150001702000290003203500160006103700130007708200120009024500760010226000220017827000880020030000210028870000250030920210923115525.0 aENG-130003 a978935388-637-0c1150.00 a EN-113485 bDBAD/PUB a361.954 aSocial work education :cedited by Sanjoy RoybIndigenous perspectives/ bSageaIndiac2021 bNew Delhie110044aB1/1-1,Mohan Cooperative industrial Area Mathura road Post Bag 7 a235p.c25cm(hbk) aedited by Sanjoy Roy